Les 20 préfectures les plus proches de Dijon - Statistiques

Statistiques générales
  • Ce quiz a été pris 250 fois
  • Le résultat moyen est 14 sur 20
Statistiques - réponses
distance (en km) ville préfecture % Correct
75 Besançon
90%
174.81 Lyon
89%
122 Auxerre
88%
114 Macon
84%
147 Nevers
83%
130 Troyes
76%
141 Belfort
75%
125 Bourg en Bresse
74%
174.82 Nancy
71%
189 Chalons en Champagne
69%
88 Chaumont
69%
82 Lons le Saunier
68%
90 Vesoul
68%
179 Annecy
61%
193 Colmar
61%
143 Epinal
59%
202 Bourges
58%
207 Chambéry
53%
155 Moulins
53%
162 Bar le Duc
38%
Aucun quiz correspondant
Distribution des résultats
% des personnes avec chaque résultat
Percentile par nombre de réponses
Votre historique - résultats
Vous n’avez pas pris ce quiz